| 000 | 00778nam a2200253Ia 4500 | ||
|---|---|---|---|
| 003 | OSt | ||
| 005 | 20220925193848.0 | ||
| 006 | a|||||r|||| 00| 0 | ||
| 007 | ta | ||
| 008 | 220923b |||||||| |||| 00| 0 eng d | ||
| 020 | _a0521236363 | ||
| 037 | _cGeneral Book | ||
| 040 |
_aRTL _cRTL _beng |
||
| 041 |
_2eng _aeng |
||
| 082 | _aY9(L).58.N7, M1 | ||
| 100 | _aOhnuki-Tierney Emiko | ||
| 245 | 0 |
_aIllness and healing among the Sakhalin Ainu _b A symbolic interpretation |
|
| 260 |
_aCambridge _bCambridge University Press _c1981 |
||
| 300 |
_a245p _ccm. |
||
| 500 | _aBibliography: p 226-238; Appendix: p 123-125 | ||
| 650 | _aSociology of Medicine | ||
| 942 |
_hY9(L).58.N7, M1 _cGB _2CC |
||
| 999 |
_c527387 _d527387 |
||